00318nam a2200133Ia 4500008004100000100001800041245002100059250001200080260005000092300000700142650001300149942000700162999001500169190216s9999||||xx |||||||||||||| ||und|| aRajagopalan.R 0aComputer Science a1st Ed. bTata Mcgraw Hill Publishing Company Ltdc1993 a83 aComputer cBK c8447d8447